|
|
|
|
| LEADER |
01002nam a2200217 a 4500 |
| 001 |
719179 |
| 008 |
130417s1996 ph a b 000 0 eng d |
| 010 |
|
|
|a 97188678
|
| 020 |
|
|
|a 9715610803 (set)
|
| 040 |
|
|
|a DLC
|c DLC
|d DLC
|d BD-DhAAL
|
| 082 |
0 |
0 |
|a 333.7
|2 22
|
| 245 |
0 |
0 |
|a Economic evaluation of environmental impacts,
|n Parts I and II :
|b a workbook.
|
| 260 |
|
|
|a Manila, Philippines :
|b Environmental Division, Office of Environment and Social Development, Asian Development Bank,
|c 1996
|
| 300 |
|
|
|a 2 v. :
|b ill. ;
|c 28 cm.
|
| 504 |
|
|
|a Includes bibliographical references (v. 1, p. [283]-303).
|
| 541 |
|
|
|e 00026806
|
| 650 |
|
0 |
|a Economic development projects
|x Environmental aspects.
|
| 710 |
2 |
|
|a Asian Development Bank.
|b Environment Division.
|
| 852 |
1 |
|
|a Ayesha Abed Library
|c General shelf.
|
| 999 |
|
|
|c 13312
|d 13312
|
| 952 |
|
|
|0 0
|1 0
|2 ddc
|4 0
|6 333_700000000000000_ECO
|7 0
|9 22209
|a IGS
|b IGS
|c GEN
|d 2012-04-22
|e A H Development Publishing House
|g 3200.00
|l 0
|o 333.7 ECO
|p 3010026806
|r 2013-04-22
|t 1
|w 2012-04-22
|y BK
|